|
|
|
|
| LEADER |
01754nam a22003137a 4500 |
| 001 |
35804 |
| 003 |
BD-DhAAL |
| 005 |
20250622120911.0 |
| 008 |
211101r19841998bg a|||| |||| 00| 0 ben d |
| 020 |
|
|
|a 9840729543
|
| 040 |
|
|
|a BD-DhAAL
|d BD-DhAAL
|
| 041 |
|
|
|a ben
|
| 082 |
|
|
|a 954.9205
|2 22
|
| 245 |
|
|
|a শহীদ বুদ্ধিজীবী স্মারকগ্রন্থ /
|c ভাষা, সাহিত্য সংস্কৃতি ও পত্রিকা বিভাগ.
|
| 246 |
|
|
|a Shaheed buddhijibi smarkgrantha
|
| 246 |
|
|
|a Memorial volume for martyred intellectuals
|
| 260 |
|
|
|a ঢাকা :
|b বাংলা একাডেমী,
|c ১৯৯৪ [প্রথম পুনমুর্দ্রন].
|
| 300 |
|
|
|a ৮৫ পৃষ্ঠা :
|b চিত্র ;
|c ২২ সে.মি.
|
| 526 |
|
|
|a BIED
|
| 541 |
|
|
|a Complimentary copy from BIED
|e 35804, 37727
|
| 650 |
|
|
|a Revolutionaries
|z Bangladesh
|v Correspondence.
|9 42314
|
| 650 |
|
|
|a Martyrs
|z Bangladesh
|v Correspondence.
|9 42315
|
| 651 |
|
|
|a Bangladesh
|x History
|y Revolution, 1971.
|9 42316
|
| 710 |
|
|
|a ভাষা, সাহিত্য সংস্কৃতি ও পত্রিকা বিভাগ.
|9 42317
|
| 852 |
|
|
|a Ayesha Abed Library
|c General Stacks
|
| 942 |
|
|
|2 ddc
|c BK
|
| 999 |
|
|
|c 43305
|d 43305
|
| 952 |
|
|
|0 0
|1 0
|2 ddc
|4 0
|6 954_920500000000000_SHA
|7 0
|9 69464
|a BRACUL
|b BRACUL
|c GEN
|d 2021-11-01
|e Complimentary copy from BIED
|l 0
|o 954.9205 SHA
|p 3010035804
|r 2021-11-01
|t 1
|w 2021-11-01
|y BK
|x Transferred from BIED to General Stacks
|
| 952 |
|
|
|0 0
|1 0
|2 ddc
|4 0
|6 954_920500000000000_SHA
|7 0
|9 69805
|a BRACUL
|b BRACUL
|c GEN
|d 2022-02-15
|e Complimentary copy from BIED
|l 0
|o 954.9205 SHA
|p 3010037727
|r 2022-02-15
|t 1
|w 2022-02-15
|y BK
|x Transferred from BIED to General Stacks
|